Wertanalyse ein neuer Weg zu besseren Betriebsergebnissen : Aus der Praxis gewonnene Empfehlungen und Anleitungen für Betriebe und Werwaltungen /
Na minha lista:
| Autor principal: | |
|---|---|
| Formato: | Livro |
| Idioma: | alemão |
| Publicado em: |
München :
VDI,
1975
|
| Tags: |
Sem tags, seja o primeiro a adicionar uma tag!
|
MARC
| LEADER | 00000nam a22000003a 4500 | ||
|---|---|---|---|
| 001 | stu36728 | ||
| 005 | 20150617225727.3 | ||
| 008 | 920618s1975----gw------------------ger-d | ||
| 040 | |a STU |b slo | ||
| 041 | 0 | |a ger | |
| 044 | |a gw | ||
| 100 | 1 | |a Händel, Siegfried |4 aut | |
| 245 | 1 | |a Wertanalyse ein neuer Weg zu besseren Betriebsergebnissen : |b Aus der Praxis gewonnene Empfehlungen und Anleitungen für Betriebe und Werwaltungen / |c [aut.]Siegfried Händel | |
| 260 | |a München : |b VDI, |c 1975 | ||
| 300 | |a 70 s | ||
| 996 | |b 284M003385 |c M*4354-1 |l MMKN |s A |a 24 |w stu36728_0001 | ||